000
00354nam a2200145Ia 4500
008
250527s9999 xx 000 0 und d
020
_a
0952569302
082
_a
297.437 SID
100
_a
Siddiqui, Hafeez
245
0
_a
La Misal (لا مثال ﷺ)
260
_a
karachi:
_b
Abdul Sattar,
_c
1995
300
_a
94p.
600
_a
Literature
942
_c
GB
999
_c
31311
_d
31311